|
|
|
|
| LEADER |
00000nam0a2200000 4500 |
| 001 |
278070 |
| 005 |
20231101235058.0 |
| 010 |
|
|
|b 10000 экз.
|
| 035 |
|
|
|a (RuTPU)RU\TPU\book\301347
|
| 090 |
|
|
|a 278070
|
| 100 |
|
|
|a 20141208d1931 m y0rusy50 ca
|
| 101 |
0 |
|
|a rus
|
| 102 |
|
|
|a RU
|
| 105 |
|
|
|a y z 001zy
|
| 200 |
1 |
|
|a Термохимия
|h Вып. 1
|f И. А. Каблуков
|
| 210 |
|
|
|a Москва
|a Ленинград
|c ОГИЗ
|c Государственное научно-техническое изд-во
|d 1931
|
| 215 |
|
|
|a 235 с.
|
| 316 |
|
|
|5 63413507: КР-6833
|a На титульном листе владельческая подпись: "А. Стромберг 23/II 1932 г."
|
| 317 |
|
|
|5 63413507: М-133182
|a Поступила в НТБ в 1970 г. в составе книжного собрания профессора ТПИ И. Н. Бутакова
|
| 317 |
|
|
|5 63413507: КР-6833
|a Поступил в НТБ в 2020 г. в дар от дочери ученого Э. А. Захаровой
|
| 320 |
|
|
|a Литература: с. 334-335
|
| 606 |
1 |
|
|a Термохимия
|2 stltpush
|3 (RuTPU)RU\TPU\subj\59980
|9 77471
|
| 610 |
1 |
|
|a история
|
| 610 |
1 |
|
|a законы термодинамики
|
| 610 |
1 |
|
|a кинетическая теория газов
|
| 610 |
1 |
|
|a теплоемкость
|
| 610 |
1 |
|
|a теплота
|
| 610 |
1 |
|
|a библиотека И. Н. Бутакова
|
| 610 |
1 |
|
|a библиотека А. Г. Стромберга
|
| 675 |
|
|
|a 544.33
|v 4
|
| 700 |
|
1 |
|a Каблуков
|b И. А.
|c российский физико-химик
|c почетный член АН СССР (1932)
|f 1857-1942
|g Иван Алексеевич
|2 stltpush
|3 (RuTPU)RU\TPU\pers\17678
|
| 801 |
|
1 |
|a RU
|b 63413507
|c 20141208
|
| 801 |
|
2 |
|a RU
|b 63413507
|c 20200715
|g RCR
|
| 942 |
|
|
|c BK
|